Infinite sequences and series
Gespeichert in:
| 1. Verfasser: | |
|---|---|
| Format: | Buch |
| Sprache: | Englisch |
| Veröffentlicht: |
Nueva York
Dover Publications
1956
|
| Schlagworte: | |
| Tags: |
Tag hinzufügen
Keine Tags, Fügen Sie den ersten Tag hinzu!
|
MARC
| LEADER | 00000cam a2200000 a 4500 | ||
|---|---|---|---|
| 001 | UCF2465 | ||
| 003 | CL-VaPUC | ||
| 008 | 120824e19560000US |||||||||||||||||eng|d | ||
| 082 | 0 | 4 | |a 515.243 |b KNO |2 21 |
| 100 | |a Knopp, Konrad |e author |9 564114 | ||
| 245 | 1 | 0 | |a Infinite sequences and series |
| 300 | |a 186 p | ||
| 942 | |c BK | ||
| 945 | |d 20120824 00:00:00 |a dcastane | ||
| 260 | |a Nueva York |b Dover Publications |c 1956 | ||
| 650 | 0 | |a Series infinitas |9 270114 | |
| 650 | 0 | |a Series (Matemáticas) |9 260245 | |
| 583 | |a last modification |c 20120824 12:41:00 |k Rodrigo Vera | ||
| 999 | |c 349026 |d 349024 | ||
| 952 | |0 0 |1 0 |4 0 |6 515_243000000000000_KNO_1956 |7 0 |8 A |9 451402 |a BIBMAT |b BIBMAT |d 2019-11-22 |i 4888766 |o 515.243 KNO 1956 |p 4888766 |r 2025-01-07 |w 2019-11-22 |y BK |k MAT | ||